000 00899cam a22003017a 4500
003 CHAP
005 20220817042937.0
008 971013s1995 r 00010 d
010 _a60728
011 _a61700
035 _a65868
040 _cCHAP
082 _a630
_bF32Y v.28
110 _aFAO
245 1 3 _aEl estado mundial de la agricultura y la alimentación, 1995
260 _aRoma :
_bFAO,
_c1995
300 _a301 p.
_e+ 1 diskette de 3 1/2
490 0 _aFAO. Agricultura
_v; 28
590 _aBATCH-UPD
_b10
_c20130110
_lUCH01
_h1636
590 _aBATCH-UPD
_b10
_c20130410
_lUCH01
_h1027
590 _aCONVERSION
_b10
_c20130109
_lUCH01
_h1333
650 1 4 _aAgricultura
_xEstadisticas.
_91417
650 1 4 _aAlimentos
_xAbastecimiento.
830 0 _aFAO. Agricultura
_v; 28
_939444
901 _aBK
942 _cLIBRO
949 _a630 F32Y v.28
_bBC
_cFAO
_d-150454
_eFAO1
_h90910
_i65868
_si
999 _c60728
_d60728